000 00641nam a2200241Ia 4500
003 OSt
005 20220928112120.0
006 a|||||r|||| 00| 0
007 ta
008 220927b |||||||| |||| 00| 0 eng d
024 _a70397
037 _cTextual
040 _aSDCL
_cSDCL
_beng
041 _2eng
_aeng
082 _aV791:51'P, P6
100 _aAli Tariq
245 0 _aPirates of the Caribbean
_bAxis of hope
260 _aLondon
_bVerso
_c2006
300 _aix,244p
_ccm.
650 _aFreedom Struggle Latin America
_9426468
942 _hV791:51'P, P6
_cTEXL
_2CC
999 _c743415
_d743415